[Event "MAESTRO OSCAR PANNO  II"]
[Site "SchemingMind.com"]
[Date "2013.12.09"]
[Round "-"]
[White "berns"]
[Black "senorquinn"]
[Result "0-1"]
[WhiteCountry "ENG"]
[BlackCountry "CAN"]
[WhiteElo "1564"]
[WhiteRD "75"]
[BlackElo "1917"]
[BlackRD "131"]
[GameID "343442"]

1. e4 c5 2. Nf3 d6 3. d4 cxd4 4. Nxd4 Nf6 5. Nc3 a6 6. Be3 e5 7. f3 exd4 8. Bxd4 Nbd7 9. Bd3 Be7 10. Qc1 O-O
11. Qe3 Re8 12. O-O-O Qc7 13. g4 Nc5 14. Nd5 Nxd5 15. exd5 Nxd3+ 16. Rxd3 Bd7 17. b3 Bf6 18. Qf4 Bxd4 19. Rxd4 Qc3 20. Rdd1 Re2
21. Rd2 Qa1#
0-1

[Event "MAESTRO OSCAR PANNO  II"]
[Site "SchemingMind.com"]
[Date "2013.12.10"]
[Round "-"]
[White "berns"]
[Black "emvarela"]
[Result "1-0"]
[WhiteCountry "ENG"]
[BlackCountry "ARG"]
[WhiteElo "1557"]
[WhiteRD "72"]
[BlackElo "1683"]
[BlackRD "48"]
[GameID "343443"]

1. e4 e5 2. Nf3 Nc6 3. Nc3 Nf6 4. Bb5 Nd4 5. d3 Bb4 6. Nxe5 Bxc3+ 7. bxc3 Nxb5 8. Bb2 d6 9. Nf3 Bg4 10. c4 c5
11. cxb5 Qa5+ 12. Qd2 Qxb5 13. Bxf6 gxf6 14. O-O Bxf3 15. gxf3 Rg8+ 16. Kh1 Qd7 17. Rg1 O-O-O 18. Rxg8 Rxg8 19. Qh6
1-0

[Event "MAESTRO OSCAR PANNO  II"]
[Site "SchemingMind.com"]
[Date "2013.12.10"]
[Round "-"]
[White "berns"]
[Black "Scooter"]
[Result "0-1"]
[WhiteCountry "ENG"]
[BlackCountry "USA"]
[WhiteElo "1579"]
[WhiteRD "77"]
[BlackElo "1727"]
[BlackRD "49"]
[GameID "343444"]

1. d4 Nf6 2. c4 g6 3. Nc3 Bg7 4. e4 d6 5. Nf3 O-O 6. Be2 e5 7. O-O Nbd7 8. Bg5 h6 9. Bxf6 Bxf6 10. d5 a6
11. b4 Be7 12. a4 c5 13. b5 Nf6 14. Qd2 Kg7 15. Nh4 Bg4 16. f3 Bd7 17. f4 Nxe4 18. Nxe4 Bxh4 19. g3 Be7 20. fxe5 dxe5
21. g4 Qc8 22. g5 h5 23. Nf6 Bxf6 24. gxf6+ Kh7 25. Ra3 axb5 26. Rg3 b4 27. Bxh5 Bf5 28. Qg5 Rh8 29. Bxg6+ Bxg6 30. Rh3+ Qxh3
31. Re1 Rxa4 32. Re4 Ra1+ 33. Kf2 Qxh2+ 34. Kf3 Ra3+
0-1

[Event "MAESTRO OSCAR PANNO  II"]
[Site "SchemingMind.com"]
[Date "2013.12.10"]
[Round "-"]
[White "berns"]
[Black "kenneth m day"]
[Result "1-0"]
[WhiteCountry "ENG"]
[BlackCountry "USA"]
[WhiteElo "1564"]
[WhiteRD "75"]
[BlackElo "1764"]
[BlackRD "48"]
[GameID "343445"]

1. d4 Nf6 2. c4 e6 3. Nc3 Bb4 4. Nf3 c5 5. e3 O-O 6. Bd3 b6 7. O-O Bb7 8. Qc2 d5 9. cxd5 Bxc3 10. bxc3 Qxd5
11. Re1 Re8 12. e4 Qd6 13. e5 Qe7 14. exf6 Qxf6 15. Bxh7+ Kf8 16. Be4 Nc6 17. Bxc6 Bxc6 18. Ng5 Ke7 19. Nh3 Kd7 20. dxc5 bxc5
21. Rd1+ Kc7 22. Bg5 Qf5 23. Qxf5 exf5 24. Bf4+ Kb6 25. Rab1+ Ka5 26. Be3 Re5 27. Nf4 g5 28. Nd3 Rd5 29. Nxc5 Rad8 30. Rxd5 Rxd5
31. c4 Re5 32. Bd2#
1-0

[Event "MAESTRO OSCAR PANNO  II"]
[Site "SchemingMind.com"]
[Date "2013.12.10"]
[Round "-"]
[White "berns"]
[Black "Simon Green"]
[Result "0-1"]
[WhiteCountry "ENG"]
[BlackCountry "ENG"]
[WhiteElo "1579"]
[WhiteRD "77"]
[BlackElo "1625"]
[BlackRD "57"]
[GameID "343446"]

1. d4 e6 2. c4 d5 3. e3 Nf6 4. Nc3 Bb4 5. Bd2 Ne4 6. Nxe4 Bxd2+ 7. Qxd2 dxe4 8. Nh3 O-O 9. Be2 Nc6 10. b4 a6
11. c5 b5 12. O-O e5 13. Rfd1 exd4 14. exd4 Bxh3 15. gxh3 Re8 16. Qe3 Nxb4 17. Qc3 Qg5+ 18. Kh1 Nd5 19. Qb3 Nf4 20. Rg1 Qf6
21. Qe3 Nxe2 22. Qxe2 Qxd4 23. Qg4 g6 24. Rac1 Qd5 25. Rcd1 Qxc5 26. Rd7 e3 27. fxe3 Rxe3 28. Qg2 Rae8 29. Rd5 Qc3 30. Rdd1 Re2
31. Qd5 Qxh3 32. Rg2 Re1+ 33. Rxe1 Rxe1+ 34. Rg1 Rxg1+ 35. Kxg1 Qe3+ 36. Kf1 Qc1+ 37. Kf2 Qf4+ 38. Kg1 Qc4 39. Qd8+ Kg7 40. Qd2 c5
41. Qb2+ Qd4+ 42. Qxd4+ cxd4 43. Kf2 Kf6 44. Ke2 Ke5 45. Kd3 f5
0-1

[Event "MAESTRO OSCAR PANNO  II"]
[Site "SchemingMind.com"]
[Date "2013.12.10"]
[Round "-"]
[White "jjb091"]
[Black "berns"]
[Result "1-0"]
[WhiteCountry "USA"]
[BlackCountry "ENG"]
[WhiteElo "1735"]
[WhiteRD "79"]
[BlackElo "1564"]
[BlackRD "75"]
[GameID "343447"]

1. e4 e5 2. Nf3 Nc6 3. Bb5 a6 4. Ba4 Bc5 5. O-O d6 6. c3 Bg4 7. h3 Bh5 8. d3 Ne7 9. Be3 Bxe3 10. fxe3 Bxf3
11. Qxf3 f6 12. Nd2 b5 13. Bb3 Ng6 14. Rae1 a5 15. a3 Nce7 16. g4 a4 17. Ba2 c6 18. g5 Rf8 19. Qg4 Ra7 20. h4 d5
21. h5 Nh8 22. Re2 Rg8 23. exd5 cxd5 24. e4 Nf7 25. exd5 Nxd5 26. d4 Re7 27. gxf6 Nxf6 28. Rxf6 gxf6 29. Qxg8+ Kd7 30. Bxf7 Qxg8+
31. Bxg8 h6 32. dxe5 fxe5 33. Ba2 Kd6 34. Nf3 e4 35. Nd4 Rg7+ 36. Kf2 Rg5 37. Rxe4 Rxh5 38. Re6+ Kd7 39. Kg2 Rg5+ 40. Kh3 Kc7
41. Rxh6 Rg1 42. Nxb5+ Kd8 43. Kh2 Rg5 44. c4 Re5 45. Nd4 Re4 46. c5 Rxd4 47. Rd6+ Rxd6 48. cxd6 Kd7 49. b4 Kxd6 50. Bf7 Kc7
51. Be8 Kb6 52. Bxa4 Ka6 53. Kg3 Ka7 54. Kf4 Ka6 55. Ke5 Kb6 56. Kd6 Ka6 57. b5+ Ka7 58. Kc7 Ka8 59. Bb3 Ka7 60. b6+
1-0

[Event "MAESTRO OSCAR PANNO  II"]
[Site "SchemingMind.com"]
[Date "2013.12.09"]
[Round "-"]
[White "senorquinn"]
[Black "berns"]
[Result "1-0"]
[WhiteCountry "CAN"]
[BlackCountry "ENG"]
[WhiteElo "1917"]
[WhiteRD "131"]
[BlackElo "1564"]
[BlackRD "75"]
[GameID "343448"]

1. d4 Nf6 2. c4 e6 3. Nf3 c6 4. Bg5 h6 5. Bxf6 gxf6 6. e4 Rg8 7. Nc3 Bg7 8. d5 cxd5 9. exd5 f5 10. Nb5 Qb6
11. d6 Na6 12. Rb1 Qc5 13. Be2 b6 14. b4 Qc6 15. Nfd4 Qxg2 16. Bf3 Qxh1+ 17. Bxh1 Rb8 18. Nxf5 Be5 19. Kf1 Bxh2 20. Qd4 e5
21. Qh4 Rg5 22. Qxh6 Rg1+ 23. Ke2 Rg8 24. Qf6
1-0

[Event "MAESTRO OSCAR PANNO  II"]
[Site "SchemingMind.com"]
[Date "2013.12.10"]
[Round "-"]
[White "emvarela"]
[Black "berns"]
[Result "0-1"]
[WhiteCountry "ARG"]
[BlackCountry "ENG"]
[WhiteElo "1674"]
[WhiteRD "46"]
[BlackElo "1556"]
[BlackRD "75"]
[GameID "343449"]

1. e4 e5 2. Nf3 Nc6 3. Bb5 a6 4. Bxc6 bxc6 5. d4 exd4 6. Nxd4 Bc5 7. Nb3 Qe7 8. Nxc5 Qxc5 9. Qd3 d5 10. exd5 cxd5
11. Be3 Qd6 12. Nc3 Nf6 13. O-O-O c6 14. Rhe1 O-O 15. g3 Bg4 16. Bf4 Qc5 17. f3 Bh5 18. g4 Bg6 19. Qd4 Qxd4 20. Rxd4 c5
21. Ra4 d4 22. Ne4 Nxe4 23. fxe4 Rfe8 24. e5 Rec8 25. e6 fxe6 26. Rxe6 Rf8 27. Bg3 d3 28. cxd3 Bxd3 29. Kd2 Bb5 30. Rae4 c4
31. Kc3 Rac8 32. h4 Rf3+ 33. Re3 Rxe3+ 34. Rxe3 Rd8 35. a4 Bxa4 36. Kxc4 Bb5+ 37. Kb4 Rd2 38. Be5 g6 39. h5 gxh5
0-1

[Event "MAESTRO OSCAR PANNO  II"]
[Site "SchemingMind.com"]
[Date "2013.12.10"]
[Round "-"]
[White "Scooter"]
[Black "berns"]
[Result "0-1"]
[WhiteCountry "USA"]
[BlackCountry "ENG"]
[WhiteElo "1727"]
[WhiteRD "49"]
[BlackElo "1579"]
[BlackRD "77"]
[GameID "343450"]

1. d4 d5 2. Nf3 Nc6 3. Bf4 Bf5 4. a3 Nf6 5. h3 e6 6. e3 a6 7. Bd3 Bxd3 8. Qxd3 b5 9. O-O g6 10. Nbd2 Bd6
11. Bg5 h6 12. Bxf6 Qxf6 13. Qc3 Ne7 14. e4 O-O 15. e5 Bxe5 16. Nxe5 Qf5 17. Qxc7 Rfe8 18. Qc3 Rec8 19. Qd3 Qxd3 20. cxd3 Rc2
21. Nb3 Rxb2 22. Nc5 a5 23. Rfe1 Rc8 24. Kf1 Nf5 25. Re2 Rxe2 26. Kxe2 Nxd4+
0-1

[Event "MAESTRO OSCAR PANNO  II"]
[Site "SchemingMind.com"]
[Date "2013.12.10"]
[Round "-"]
[White "kenneth m day"]
[Black "berns"]
[Result "1-0"]
[WhiteCountry "USA"]
[BlackCountry "ENG"]
[WhiteElo "1764"]
[WhiteRD "48"]
[BlackElo "1564"]
[BlackRD "75"]
[GameID "343451"]

1. e4 e5 2. f4 exf4 3. Nf3 g5 4. Bc4 Be7 5. d4 d6 6. O-O Bg4 7. Nc3 Nf6 8. Qd3 Nc6 9. Nxg5 Rf8 10. Bxf4 h6
11. Nf3 h5 12. Bh6 Rh8 13. Be3 h4 14. h3 Bh5 15. Rae1 Qd7 16. Bg5 Rg8 17. Qe3 O-O-O 18. Nxh4 Rxg5 19. Qxg5 Rg8 20. Qe3 Na5
21. Be2 Bxe2 22. Rxe2 Nc4 23. Qf3 Nxb2 24. Nf5 Rg6 25. Nxe7+ Qxe7 26. e5 dxe5 27. dxe5 Ng8 28. Rb1 Rb6 29. Nd5 Qc5+ 30. Rf2 Nh6
31. Nxb6+ Qxb6 32. Qc3 Na4 33. Rxb6
1-0

[Event "MAESTRO OSCAR PANNO  II"]
[Site "SchemingMind.com"]
[Date "2013.12.10"]
[Round "-"]
[White "Simon Green"]
[Black "berns"]
[Result "0-1"]
[WhiteCountry "ENG"]
[BlackCountry "ENG"]
[WhiteElo "1625"]
[WhiteRD "57"]
[BlackElo "1579"]
[BlackRD "77"]
[GameID "343452"]

1. d4 Nf6 2. e3 g6 3. Bd3 Bg7 4. f4 d6 5. Nf3 Bg4 6. O-O O-O 7. Nbd2 Nc6 8. c3 a6 9. Qe1 e6 10. h3 Bxf3
11. Nxf3 h6 12. b3 b5 13. a4 bxa4 14. Rxa4 a5 15. Bd2 Ne7 16. c4 c6 17. Bxa5 Qb8 18. Qc3 Qb7 19. Rfa1 Rfb8 20. Bb4 Rxa4
21. Rxa4 c5 22. dxc5 Nfd5 23. Qd2 Nxb4 24. cxd6 Nxd3 25. Qxd3 Nc6 26. Nd2 Kf8 27. c5 Ke8 28. Nc4 Nb4 29. Qd2 Nd5 30. Ra3 f5
31. Ne5 Bxe5 32. fxe5 Qc6 33. e4 Qxc5+ 34. Qf2 Qxa3 35. exd5 Qa1+ 36. Kh2 Qxe5+
0-1

[Event "MAESTRO OSCAR PANNO  II"]
[Site "SchemingMind.com"]
[Date "2013.12.16"]
[Round "-"]
[White "Sully7"]
[Black "jjb091"]
[Result "1-0"]
[WhiteCountry "IRL"]
[BlackCountry "USA"]
[WhiteElo "1837"]
[WhiteRD "76"]
[BlackElo "1823"]
[BlackRD "88"]
[GameID "343715"]

1. e4 c5 2. Nf3 d6 3. d4 cxd4 4. Nxd4 Nf6 5. Nc3 e6 6. Qf3 a6 7. Bd3 Nbd7 8. O-O b5 9. e5 dxe5 10. Nxe6 fxe6
11. Qxa8 Nc5 12. a4 Bd6 13. axb5 Nxd3 14. bxa6 Nxc1 15. a7 O-O 16. Qc6
1-0

[Event "MAESTRO OSCAR PANNO  II"]
[Site "SchemingMind.com"]
[Date "2013.12.13"]
[Round "-"]
[White "Sully7"]
[Black "senorquinn"]
[Result "1-0"]
[WhiteCountry "IRL"]
[BlackCountry "CAN"]
[WhiteElo "1948"]
[WhiteRD "70"]
[BlackElo "1917"]
[BlackRD "131"]
[GameID "343716"]

1. e4 c5 2. Nf3 d6 3. Bc4 e6 4. Nc3 Nf6 5. O-O Be7 6. d4 cxd4 7. Qxd4 Nc6 8. Qd3 O-O 9. Bg5 a6 10. Rfd1 Qc7
11. Bxf6 Nb4 12. Qd2 Bxf6 13. Qxd6 Qxc4 14. e5 Nxc2 15. exf6
1-0

[Event "MAESTRO OSCAR PANNO  II"]
[Site "SchemingMind.com"]
[Date "2013.12.17"]
[Round "-"]
[White "Sully7"]
[Black "emvarela"]
[Result "1-0"]
[WhiteCountry "IRL"]
[BlackCountry "ARG"]
[WhiteElo "2044"]
[WhiteRD "64"]
[BlackElo "1683"]
[BlackRD "48"]
[GameID "343717"]

1. e4 e5 2. Nf3 Nc6 3. d4 exd4 4. Nxd4 Bc5 5. Be3 Qf6 6. c3 Bxd4 7. cxd4 d6 8. Nc3 Nge7 9. Nb5 O-O 10. Nxc7 Rb8
11. Rc1 a6 12. d5 Ne5 13. Ba7
1-0

[Event "MAESTRO OSCAR PANNO  II"]
[Site "SchemingMind.com"]
[Date "2013.12.14"]
[Round "-"]
[White "Sully7"]
[Black "Scooter"]
[Result "1-0"]
[WhiteCountry "IRL"]
[BlackCountry "USA"]
[WhiteElo "1837"]
[WhiteRD "76"]
[BlackElo "1727"]
[BlackRD "49"]
[GameID "343718"]

1. e4 c6 2. d4 d5 3. Nc3 dxe4 4. Nxe4 Bf5 5. Bd3 Bxe4 6. Bxe4 Nf6 7. Qd3 Nxe4 8. Qxe4 e6 9. Nf3 Be7 10. O-O O-O
11. Bf4 Bd6 12. Ng5 g6 13. Nxe6 Qe7 14. Bxd6 Qxd6 15. Nxf8 Kxf8 16. Qe5 Qb4 17. Qh8+
1-0

[Event "MAESTRO OSCAR PANNO  II"]
[Site "SchemingMind.com"]
[Date "2013.12.14"]
[Round "-"]
[White "Sully7"]
[Black "kenneth m day"]
[Result "1-0"]
[WhiteCountry "IRL"]
[BlackCountry "USA"]
[WhiteElo "1948"]
[WhiteRD "70"]
[BlackElo "1764"]
[BlackRD "48"]
[GameID "343719"]

1. e4 e5 2. Nf3 Nc6 3. Bb5 f5 4. Nc3 fxe4 5. Nxe4 Nf6 6. Qe2 d5 7. Nxf6+ gxf6 8. d4 Bg7 9. dxe5 O-O 10. e6 Re8
11. O-O Rxe6 12. Be3 Bd7 13. Rad1 a6 14. Ba4 b5 15. Bb3 Rd6 16. Bf4 Ne5 17. Bxd5+ Rxd5 18. Rxd5 Qe7 19. Bxe5 fxe5 20. Nxe5 Be6
21. Nc6 Qf7 22. Nd8 Rxd8 23. Rxd8+ Bf8 24. Qe5
1-0

[Event "MAESTRO OSCAR PANNO  II"]
[Site "SchemingMind.com"]
[Date "2013.12.13"]
[Round "-"]
[White "Sully7"]
[Black "berns"]
[Result "1-0"]
[WhiteCountry "IRL"]
[BlackCountry "ENG"]
[WhiteElo "1948"]
[WhiteRD "70"]
[BlackElo "1564"]
[BlackRD "75"]
[GameID "343720"]

1. e4 e5 2. Nf3 Nc6 3. Bb5 a6 4. Bxc6 bxc6 5. O-O d6 6. d4 exd4 7. Qxd4 Be6 8. Nc3 Nf6 9. Qa4 Qd7 10. Nd4 c5
11. Nxe6 Qxa4 12. Nxc7+ Kd7 13. Nxa4 Kxc7 14. Nc3 g6 15. Bg5 Nd7 16. Nd5+ Kc6 17. Rad1 Rb8 18. b3 h6 19. Bh4 g5 20. Bg3 Nb6
21. f4 g4 22. f5 h5 23. Nxb6 Rxb6 24. Rd5 h4 25. Bf4 h3 26. Rfd1 Kd7 27. g3 Rh5 28. Rxc5 d5 29. Rcxd5+ Kc6 30. Rd8 Rh8
31. Rc8+ Kb5 32. Rd5+ Kb4 33. Be5 Rb5 34. Rc4+ Ka5 35. Bc7#
1-0

[Event "MAESTRO OSCAR PANNO  II"]
[Site "SchemingMind.com"]
[Date "2013.12.13"]
[Round "-"]
[White "Sully7"]
[Black "Simon Green"]
[Result "1-0"]
[WhiteCountry "IRL"]
[BlackCountry "ENG"]
[WhiteElo "1837"]
[WhiteRD "76"]
[BlackElo "1625"]
[BlackRD "57"]
[GameID "343721"]

1. e4 e6 2. d4 d5 3. Nc3 Nf6 4. Bg5 Be7 5. e5 Nfd7 6. h4 h6 7. Be3 a6 8. Qg4 g6 9. h5 g5 10. f4 gxf4
11. Bxf4 Nf8 12. Bd3 Nbd7 13. Qg7
1-0

[Event "MAESTRO OSCAR PANNO  II"]
[Site "SchemingMind.com"]
[Date "2013.12.16"]
[Round "-"]
[White "jjb091"]
[Black "Sully7"]
[Result "0-1"]
[WhiteCountry "USA"]
[BlackCountry "IRL"]
[WhiteElo "1735"]
[WhiteRD "79"]
[BlackElo "1948"]
[BlackRD "70"]
[GameID "343722"]

1. e4 e5 2. Nf3 Nc6 3. Bb5 Nf6 4. O-O Bc5 5. c3 O-O 6. d4 Bb6 7. Bg5 exd4 8. e5 h6 9. exf6 hxg5 10. Bxc6 dxc6
11. Nxd4 Qxf6 12. Na3 Rd8 13. Qf3 Bxd4 14. cxd4 Qxf3 15. gxf3 Rxd4 16. Rae1 Bh3 17. Re7 Bxf1 18. Rxc7 Bh3
0-1

[Event "MAESTRO OSCAR PANNO  II"]
[Site "SchemingMind.com"]
[Date "2013.12.14"]
[Round "-"]
[White "senorquinn"]
[Black "Sully7"]
[Result "0-1"]
[WhiteCountry "CAN"]
[BlackCountry "IRL"]
[WhiteElo "1849"]
[WhiteRD "118"]
[BlackElo "2044"]
[BlackRD "64"]
[GameID "343723"]

1. d4 d5 2. c4 e6 3. Nc3 Nf6 4. Bg5 Be7 5. e3 O-O 6. Nf3 Nc6 7. Rc1 a5 8. Bd3 Nb4 9. Bb1 dxc4 10. Ne5 Nd7
11. Bxe7 Qxe7 12. Nxc4 b6 13. Be4 c6 14. a3 Nd5 15. Qd3 b5 16. Nd2 b4 17. Na4 Ba6 18. Qb1 bxa3 19. Bxh7+ Kh8 20. Bd3 a2
0-1

[Event "MAESTRO OSCAR PANNO  II"]
[Site "SchemingMind.com"]
[Date "2013.12.17"]
[Round "-"]
[White "emvarela"]
[Black "Sully7"]
[Result "0-1"]
[WhiteCountry "ARG"]
[BlackCountry "IRL"]
[WhiteElo "1683"]
[WhiteRD "48"]
[BlackElo "2044"]
[BlackRD "64"]
[GameID "343724"]

1. e4 e5 2. Nf3 Nc6 3. Bb5 Nf6 4. O-O Bc5 5. Bxc6 dxc6 6. Nc3 O-O 7. d3 Re8 8. Bg5 Bg4 9. h3 Bh5 10. g4 Bg6
11. Nh4 h6 12. Bxf6 Qxf6 13. Ng2 b5 14. Ne2 Qf3 15. Ng3 Qxg3
0-1

[Event "MAESTRO OSCAR PANNO  II"]
[Site "SchemingMind.com"]
[Date "2013.12.14"]
[Round "-"]
[White "Scooter"]
[Black "Sully7"]
[Result "0-1"]
[WhiteCountry "USA"]
[BlackCountry "IRL"]
[WhiteElo "1727"]
[WhiteRD "49"]
[BlackElo "1837"]
[BlackRD "76"]
[GameID "343725"]

1. d4 d5 2. Nf3 Nf6 3. Bf4 g6 4. e3 Bg7 5. Be2 O-O 6. O-O c5 7. c3 Nc6 8. Nbd2 cxd4 9. cxd4 Nh5 10. Bg5 Qb6
11. b3 h6 12. Bh4 a5 13. Rc1 Bf5 14. Ne1 Nf6 15. Bd3 Bxd3 16. Nxd3 Nb4 17. Nxb4 axb4 18. Bxf6 Bxf6 19. Rc2 Rfc8 20. Qb1 e5
21. dxe5 Bxe5 22. Rfc1 Bc3 23. Nf3 h5 24. Nd4 Qf6 25. Nb5 b6 26. Nxc3 Rxc3 27. Qa1 Rxc2
0-1

[Event "MAESTRO OSCAR PANNO  II"]
[Site "SchemingMind.com"]
[Date "2013.12.14"]
[Round "-"]
[White "kenneth m day"]
[Black "Sully7"]
[Result "0-1"]
[WhiteCountry "USA"]
[BlackCountry "IRL"]
[WhiteElo "1764"]
[WhiteRD "48"]
[BlackElo "1948"]
[BlackRD "70"]
[GameID "343726"]

1. e4 e5 2. f4 exf4 3. Nf3 g5 4. h4 g4 5. Ne5 Qe7 6. d4 d6 7. Nxg4 Qxe4+ 8. Qe2 Qe7 9. Qxe7+ Bxe7 10. Be2 Nc6
11. Bb5 Bxg4 12. Bxf4 O-O-O 13. c3 Nf6 14. Nd2 Rhg8 15. Kf2 Nd5 16. Bg3 a6 17. Bc4 Nf6 18. Bxf7 Rgf8 19. Bb3 Ne4+ 20. Ke3 Nxg3
0-1

[Event "MAESTRO OSCAR PANNO  II"]
[Site "SchemingMind.com"]
[Date "2013.12.14"]
[Round "-"]
[White "berns"]
[Black "Sully7"]
[Result "0-1"]
[WhiteCountry "ENG"]
[BlackCountry "IRL"]
[WhiteElo "1579"]
[WhiteRD "77"]
[BlackElo "1837"]
[BlackRD "76"]
[GameID "343727"]

1. d4 d5 2. Nc3 Nf6 3. Nf3 g6 4. Bf4 Bg7 5. e3 O-O 6. Bd3 Nc6 7. Qd2 Bg4 8. h3 Bxf3 9. gxf3 Nh5 10. Bg3 Nxg3
11. fxg3 e5 12. O-O-O exd4 13. exd4 Nxd4 14. f4 c6 15. Na4 b5 16. Nc5 Qd6 17. Nb7 Qe7 18. Na5 b4 19. Rde1 Qc7 20. Qxb4 c5
21. Qa3 c4 22. Bf1 Rfb8 23. c3 Nb5 24. Qa4 Nxc3 25. bxc3 Bxc3 26. Bg2 Qb6 27. Kd1 Qd4+ 28. Ke2 Qd3+ 29. Kf2 Bd4+
0-1

[Event "MAESTRO OSCAR PANNO  II"]
[Site "SchemingMind.com"]
[Date "2013.12.14"]
[Round "-"]
[White "Simon Green"]
[Black "Sully7"]
[Result "0-1"]
[WhiteCountry "ENG"]
[BlackCountry "IRL"]
[WhiteElo "1625"]
[WhiteRD "57"]
[BlackElo "1837"]
[BlackRD "76"]
[GameID "343728"]

1. d4 d5 2. e3 Nc6 3. c3 Bf5 4. f4 Nf6 5. Nf3 e6 6. Bd3 Bd6 7. Bxf5 exf5 8. Ne5 O-O 9. O-O a5 10. Nd2 a4
11. Nxc6 bxc6 12. Nf3 c5 13. Ne5 Ne4 14. Bd2 Bxe5 15. fxe5 Qg5 16. Qe2 c4 17. Rf4 Rfb8 18. Be1 a3 19. Bh4 axb2 20. Rb1 Nxc3
21. Qc2 Nxb1 22. Qxb1 Qh6 23. Be7 Rxa2
0-1

[Event "MAESTRO OSCAR PANNO  II"]
[Site "SchemingMind.com"]
[Date "2013.12.24"]
[Round "-"]
[White "Whitetiger"]
[Black "jjb091"]
[Result "1-0"]
[WhiteCountry "ENG"]
[BlackCountry "USA"]
[WhiteElo "2147"]
[WhiteRD "115"]
[BlackElo "1767"]
[BlackRD "78"]
[GameID "344089"]

1. b3 e5 2. Bb2 d6 3. e3 Nc6 4. Nf3 Bg4 5. h3 Bh5 6. Be2 Nf6 7. O-O Be7 8. c4 O-O 9. Nc3 Re8 10. g4 Bg6
11. Nh4 Nd7 12. Nxg6 fxg6 13. Bf3 Bh4 14. Bg2 Nc5 15. d4 exd4 16. exd4 Nd7 17. Qd2 Qf6 18. Nb5 Rec8 19. d5 Nce5 20. f4 Qe7
21. fxe5 dxe5 22. d6
1-0

[Event "MAESTRO OSCAR PANNO  II"]
[Site "SchemingMind.com"]
[Date "2013.12.25"]
[Round "-"]
[White "Whitetiger"]
[Black "senorquinn"]
[Result "1-0"]
[WhiteCountry "ENG"]
[BlackCountry "CAN"]
[WhiteElo "2167"]
[WhiteRD "114"]
[BlackElo "1736"]
[BlackRD "104"]
[GameID "344090"]

1. b3 b6 2. Bb2 Bb7 3. e3 Nf6 4. f4 g6 5. Nf3 Bg7 6. Be2 O-O 7. O-O c5 8. c4 Nc6 9. d3 d5 10. Na3 d4
11. exd4 Ng4 12. Nc2 cxd4 13. Rb1 Nh6 14. b4 a5 15. b5 Nb4 16. Ncxd4 Nxa2 17. Ne5 Qd6 18. Bf3 Bxf3 19. Qxf3 Qc5 20. Kh1 Rad8
21. Ndc6 Rc8 22. d4 Qd6 23. c5
1-0

[Event "MAESTRO OSCAR PANNO  II"]
[Site "SchemingMind.com"]
[Date "2013.12.25"]
[Round "-"]
[White "Whitetiger"]
[Black "emvarela"]
[Result "1-0"]
[WhiteCountry "ENG"]
[BlackCountry "ARG"]
[WhiteElo "2167"]
[WhiteRD "114"]
[BlackElo "1674"]
[BlackRD "46"]
[GameID "344091"]

1. b3 e5 2. Bb2 d5 3. Bxe5 Nc6 4. Bb2 Nf6 5. e3 Be6 6. Nf3 Bd6 7. c4 dxc4 8. bxc4 O-O 9. d4 Bb4+ 10. Nbd2 Bg4
11. Be2 Bxf3 12. Bxf3 Re8 13. O-O Bxd2 14. Qxd2 Qe7 15. Qc3 Ne4 16. Bxe4 Qxe4 17. d5
1-0

[Event "MAESTRO OSCAR PANNO  II"]
[Site "SchemingMind.com"]
[Date "2013.12.25"]
[Round "-"]
[White "Whitetiger"]
[Black "Scooter"]
[Result "1-0"]
[WhiteCountry "ENG"]
[BlackCountry "USA"]
[WhiteElo "2116"]
[WhiteRD "119"]
[BlackElo "1674"]
[BlackRD "49"]
[GameID "344092"]

1. b3 Nf6 2. Bb2 d6 3. e3 Bf5 4. d4 Nbd7 5. Bd3 Bxd3 6. Qxd3 g6 7. Nd2 Bg7 8. Ngf3 O-O 9. O-O Re8 10. Rfd1 e5
11. dxe5 dxe5 12. Ne4 Nxe4 13. Qxe4 Qe7 14. Qxb7 e4 15. Bxg7 exf3 16. Bb2 fxg2 17. Qxc7 Red8 18. Rd2
1-0

[Event "MAESTRO OSCAR PANNO  II"]
[Site "SchemingMind.com"]
[Date "2013.12.25"]
[Round "-"]
[White "Whitetiger"]
[Black "kenneth m day"]
[Result "1-0"]
[WhiteCountry "ENG"]
[BlackCountry "USA"]
[WhiteElo "2116"]
[WhiteRD "119"]
[BlackElo "1764"]
[BlackRD "48"]
[GameID "344093"]

1. b3 e5 2. Bb2 Nc6 3. e3 Nf6 4. c4 d6 5. Nc3 Be7 6. Nf3 Bg4 7. h3 Bf5 8. g4 Bd7 9. d4 exd4 10. Nxd4 O-O
11. g5 Ne8 12. f4 f6 13. h4 g6 14. Nd5 Rf7 15. h5 fxg5 16. hxg6 hxg6 17. Nxc6 bxc6 18. Rh8#
1-0

[Event "MAESTRO OSCAR PANNO  II"]
[Site "SchemingMind.com"]
[Date "2013.12.24"]
[Round "-"]
[White "Whitetiger"]
[Black "berns"]
[Result "1-0"]
[WhiteCountry "ENG"]
[BlackCountry "ENG"]
[WhiteElo "2116"]
[WhiteRD "119"]
[BlackElo "1564"]
[BlackRD "75"]
[GameID "344094"]

1. b3 e5 2. Bb2 Nc6 3. e3 d6 4. Nf3 Bg4 5. h3 Bxf3 6. Qxf3 f6 7. d4 Qd7 8. dxe5 dxe5 9. Bd3 Bc5 10. O-O g6
11. Nd2 f5 12. Bb5 Nge7 13. Nc4 a6 14. Nxe5 Qe6 15. Bxc6+ bxc6 16. Nd3 Rg8 17. Nxc5 Qd5 18. Bd4 g5 19. Qh5+ Qf7 20. Qxf7+ Kxf7
21. Rad1 a5 22. c4 h5 23. Be5 Rac8 24. Rd7 Rgd8 25. Rfd1 Rxd7 26. Rxd7 g4 27. hxg4 hxg4 28. Bxc7 Rg8 29. Bd6 Re8 30. Rxe7+ Rxe7
31. Bxe7 Kxe7 32. Na4 Kd6 33. Nb2 Kc5 34. Nd3+ Kd6 35. Kh2 Ke6 36. Kg3 Kf6 37. Kf4 Ke6 38. Kg5
1-0

[Event "MAESTRO OSCAR PANNO  II"]
[Site "SchemingMind.com"]
[Date "2013.12.24"]
[Round "-"]
[White "Whitetiger"]
[Black "Simon Green"]
[Result "1-0"]
[WhiteCountry "ENG"]
[BlackCountry "ENG"]
[WhiteElo "2116"]
[WhiteRD "119"]
[BlackElo "1587"]
[BlackRD "53"]
[GameID "344095"]

1. b3 e6 2. Bb2 d5 3. e3 c5 4. Nf3 Nf6 5. d4 cxd4 6. exd4 Bd6 7. Bd3 Nc6 8. O-O O-O 9. c4 Qc7 10. Nc3 a6
11. c5 Bf4 12. g3 Bh6 13. a3 b5 14. cxb6 Qxb6 15. Bc1 Bxc1 16. Na4 Qa7 17. Rxc1 Bd7 18. Nc5 a5 19. Nxd7 Qxd7 20. Bb5 Rfc8
21. Ne5 Qd6 22. Nxc6 Rxc6 23. Bxc6 Rc8 24. Bb5 Rxc1 25. Qxc1 g6 26. Qc5
1-0

[Event "MAESTRO OSCAR PANNO  II"]
[Site "SchemingMind.com"]
[Date "2013.12.24"]
[Round "-"]
[White "Whitetiger"]
[Black "Sully7"]
[Result "1-0"]
[WhiteCountry "ENG"]
[BlackCountry "IRL"]
[WhiteElo "2116"]
[WhiteRD "119"]
[BlackElo "1948"]
[BlackRD "70"]
[GameID "344096"]

1. b3 e5 2. Bb2 Nc6 3. e3 Nf6 4. c4 d5 5. cxd5 Qxd5 6. Nc3 Qd6 7. Nf3 Bg4 8. h3 Bh5 9. Be2 O-O-O 10. Rc1 a6
11. O-O h6 12. d3 e4 13. dxe4 Qxd1 14. Rfxd1 Rxd1+ 15. Rxd1 Bg6 16. Bc4 Bb4 17. Nh4 Bxc3 18. Nxg6 Rd8 19. Rxd8+ Kxd8 20. Bxc3 fxg6
21. f4 Ke7 22. Bd3 b5 23. Kf2 g5 24. Kf3 b4 25. Ba1 gxf4 26. exf4 a5 27. e5 Nd7 28. Bb5 Na7 29. Bxd7 Kxd7 30. f5 Ke8
31. e6 Kf8 32. Ke4 Nc6 33. g4 Ne7 34. Be5 c5 35. Kd3 Nd5 36. Kc4
1-0